000
00214 a2200097 4500
001
13848
100
_a
Birmingham A
245
_a
The Writers Craft
260
_a
London
_b
Arthur Barker Ltd
_c
090
_c
10824
_d
10824
942
_a
NUST-CAE
_c
M
_c
919
999
_c
248921
_d
248921